1718 1204 1035 1760 1262 1812 1428 1422 1523 1757 1244 1032 1047 1799 1263 1326 1114 1682 1855 1493 1703 1988 1932 1767 1890 1917 1337 1657 1319 1439 1528 1563 1297 1793 1687 1268 1591 1522 1666 1977 1811 1691 1843 1533 1804 1745 1739 1975 1553 1187 1052 1631 1712 1166 1440 1934 1035 1400 1973 1040 1906 1108 1092 1680 1850 1886 1322 1546 1668 1411 1855 1360 1970 1769 1692 1719 1594 1242 1910 1331 1788 1662 1734 1143 1920 1510 1900 1665 1629 1811 1242 1920 1357 1522 1082 1026 1071 1981 1896 BCNSPRNW ULIB Ver.6.0+V

เปลี่ยนเป็นภาษาไทย

Change to English
 แสดงรายละเอียดบรรณานุกรม
  กลับหน้าหลัก

Brief Record : Get Marc (ISO 2709) : E-mail record : QR code < ปิดหน้าต่าง
LEADER : 00000nam 2200000uu 4500
001    13399127384
003     ULIB
008    020711s2020 th a 000 0 eng d
020    ^a9780702077630
060    ^aQV39^bC367N
100    ^aCatrin Page (Author)
245    ^aNursing Essentials: Drugs
250    ^a1st ed
260    ^aNew York :^bELSEVIER,^c2020
300    ^a80 pages;^b15 cm
650    ^aNursing Drugs
945    ^p442^l0^i007053
945    ^p442^l0^i007054
945    ^p442^l0^i007055
945    ^p442^l0^i007056
945    ^p442^l0^i007057
999    ^aอังศุธร กาญจนาโรจน์พันธ์
รายการนี้ยังไม่มีแท็ก
คุณยังไม่ได้ล็อกอิน คุณสามารถมีกิจกรรมร่วมกับเว็บไซต์ได้ แต่ต้องล็อกอินก่อน ::
  ล็อกอิน

รายการสื่อสารสนเทศ

ลำดับที่ ประเภท เลขเรียก/บาร์โค้ด สถานที่ สถานะ
1. วิทยาศาสตร์การแพทย์ และสุขภาพ
หนังสือสำรอง
สถานะ=หนังสือสำรอง
QV39 C367N ฉ.1 
  Barcode: 007053
ห้องสมุดวิทยาเขตสวรรค์ประชารักษ์
►หนังสือทั่วไป
บนชั้น
2. วิทยาศาสตร์การแพทย์ และสุขภาพ
วิทยาศาสตร์การแพทย์ และสุขภาพ
QV39 C367N ฉ.2 
  Barcode: 007054
ห้องสมุดวิทยาเขตสวรรค์ประชารักษ์
►หนังสือทั่วไป
บนชั้น
3. วิทยาศาสตร์การแพทย์ และสุขภาพ
วิทยาศาสตร์การแพทย์ และสุขภาพ
QV39 C367N ฉ.3 
  Barcode: 007055
ห้องสมุดวิทยาเขตสวรรค์ประชารักษ์
►หนังสือทั่วไป
บนชั้น
4. วิทยาศาสตร์การแพทย์ และสุขภาพ
วิทยาศาสตร์การแพทย์ และสุขภาพ
QV39 C367N ฉ.4 
  Barcode: 007056
ห้องสมุดวิทยาเขตสวรรค์ประชารักษ์
►หนังสือทั่วไป
บนชั้น
5. วิทยาศาสตร์การแพทย์ และสุขภาพ
วิทยาศาสตร์การแพทย์ และสุขภาพ
QV39 C367N ฉ.5 
  Barcode: 007057
ห้องสมุดวิทยาเขตสวรรค์ประชารักษ์
►หนังสือทั่วไป
บนชั้น

รายการใกล้เคียง
    ชื่อเรื่อง [Nursing Essentials: Drugs]

BibComment


ยังไม่เคยถูกคอมเมนท์

คอมเมนท์ทรัพยากรรายการนี้
  คอมเมนท์: Nursing Essentia..


 Copyright 2026. Bcnsprnw @Library